Biblioteca

Derechos territoriales indígenas y ecología : En las selvas tropicales del América / Martha Cárdenas, Hernán Darío Correa, Mauricio Gómez Barón, Editores (Registro nro. 43306)

Detalles MARC
000 -LÍDER
Campo fijo de descripción fija 004480000a22001450004500
020 ## - NÚMERO INTERNACIONAL NORMALIZADO PARA LIBROS
Número Internacional Normalizado del libro 958-9061-59-1
041 0# - CÓDIGO DE IDIOMA
Código de idioma para texto/pista de sonido o título separado
082 04 - NÚMERO DE CLASIFICACIÓN DECIMAL DEWEY
Número de clasificación G 980.46 C9119d
001 - NÚMERO DE CONTROL
Campo de control 14443
245 10 - TÍTULO
Título del Material Derechos territoriales indígenas y ecología : En las selvas tropicales del América / Martha Cárdenas, Hernán Darío Correa, Mauricio Gómez Barón, Editores
260 ## - PUBLICACIÓN, DISTRIBUCIÓN, ETC. (PIE DE IMPRENTA)
Lugar de publicación, distribución, etc. Bogotá : CEREC
300 ## - DESCRIPCIÓN FÍSICA
Extensión 385 Pág.
650 14 - ASIENTO SECUNDARIO DE MATERIA - TERMINO TEMÁTICO
Término temático o nombre geográfico como elemento de entrada INDIGENAS - COLOMBIA
942 ## - TIPO DE MATERIAL (KOHA)
Tipo de Item KOHA Libros General
Existencias
Estado de Material Estado de Perdido Estado de Dañado No para Préstamo Colección Tomo Biblioteca de Origen Biblioteca Permanente Fecha de Adquisición Total de Préstamos Signatura Topográfica Código de Barras Última vez visto Ejemplar/Existencia Fecha de Remplazo Tipo de Material
        Colección General   Biblioteca FUSBC Biblioteca FUSBC 05/07/2007   G 980.46 C9119d 16513 12/12/2019 1 26/01/2016 Libros General

Biblioteca FUSBC | Teléfono: (57+4) 349 88 10 Ext. 141| WhatsApp (+57) 3005338115 
E-mail: biblioteca@unisbc.edu.co | Calle 76 87-14 Robledo Palenque, Medellín, Colombia

Con tecnología Koha